000
00349nam a2200145Ia 4500
041
_a
Arabic
082
_a
341 cut-297 ن
100
_a
20260118u\\\\\\\\\\\y0engy0103\\\\ba
100
_a
جامعة نايف العربية
245
0
_a
الامن النووي
250
_a
ط1
260
_a
الرياض
_c
2007
300
_a
166
942
_c
Bk
999
_c
187605
_d
187605